Tilastot visalle Keski-Pohjanmaan maakunnan kuntien vaakunat

Klikkaa tästä pelataksesi tätä visaa!

Yleistilastot

  • Tätä visaa on pelattu 53 kertaa
  • Keskiarvotulos 10 / 13

Vastaustilastot

Vastaus% Oikein
Kokkola
100%
Kannus
95%
Kaustinen
95%
Perho
95%
Veteli
92%
Halsua
82%
Toholampi
82%
Lestijärvi
79%
Kälviä
63%
Lohtaja
61%
Kaarlela
55%
Öja
47%
Ullava
42%

Tulosjakauma

Persentiili vastausten määrän mukaan

Jokaisen tuloksen saaneiden osuus

Tuloshistoriasi

Et ole pelannut tätä visaa